| 000 | 00691nam a22002057a 4500 | ||
|---|---|---|---|
| 999 |
_c3780 _d3780 |
||
| 003 | AR-CdUCM | ||
| 008 | 190307b ||||| |||| 00| 0 spa d | ||
| 040 |
_aMUNICIPALIDAD PROVINCIAL DEL CUSCO _cBIBLIOTECA MUNICIPAL DEL CUSCO |
||
| 082 |
_a839.81 / _bA39 |
||
| 100 |
_aAndersen, Hans Christian _912210 |
||
| 245 | _aSeis cuentos del escritor danés Hans Christian Andersen / | ||
| 260 |
_aCopenhague : _c1955. |
||
| 300 |
_a71 páginas ; _bIlustraciones, _c20 cm. |
||
| 505 | _aContenido: Su vida y sus mejores cuentos. | ||
| 650 |
_aBiografía de Hans Christian Andersen _912211 |
||
| 650 |
_aCuentos daneses _912212 |
||
| 650 |
_aSiglo XIX _9971 |
||
| 942 |
_2ddc _cLIBROS |
||
| 945 | _adavv | ||